=LDR 00000nam 2200000 4500 =001 INLIS000000000003529 =005 20130612091830 =008 ***********************************Ind** =035 ##$$0010-061300000003529 =041 ##$$a Ind =082 ##$$a 610.739 =090 ##$$a 610.739, Smi p =100 ##$$a Smith, J.G =245 ##$$a Pedoman periksa, J.G. Smith, Sri Wardani =260 ##$$a 1981 $b Jakarta =300 ##$$a 145 hlm., ilus., 21 cm =650 ##$$a Kedokteran =650 ##$$a Ilmu perawatan =700 ##$$a Sri Wardani =850 ##$$a NBPNMAT